<?xml version="1.0" encoding="UTF-8"?>
<record
    xmlns:xsi="http://www.w3.org/2001/XMLSchema-instance"
    xsi:schemaLocation="http://www.loc.gov/MARC21/slim http://www.loc.gov/standards/marcxml/schema/MARC21slim.xsd"
    xmlns="http://www.loc.gov/MARC21/slim">

  <leader>01204nkm a22002417a 4500</leader>
  <controlfield tag="001">85802</controlfield>
  <controlfield tag="005">20260422094333.0</controlfield>
  <controlfield tag="007">kh boc</controlfield>
  <controlfield tag="008">260415s19091911sp ||||| |||| |0| i|spa d</controlfield>
  <datafield tag="040" ind1=" " ind2=" ">
    <subfield code="a">M-RABA</subfield>
    <subfield code="b">spa</subfield>
    <subfield code="c">M-RABA</subfield>
  </datafield>
  <datafield tag="245" ind1="0" ind2="1">
    <subfield code="a">[Monumento a los h&#xE9;roes de Puente Sampayo]</subfield>
    <subfield code="h">[Material gr&#xE1;fico]</subfield>
  </datafield>
  <datafield tag="260" ind1=" " ind2=" ">
    <subfield code="a">Pontevedra</subfield>
    <subfield code="c">, [1909-1911]</subfield>
  </datafield>
  <datafield tag="300" ind1=" " ind2=" ">
    <subfield code="a">1 fotograf&#xED;a</subfield>
    <subfield code="b">: gelatino-bromuro de plata</subfield>
    <subfield code="c">: imagen 18 x 13 cm </subfield>
    <subfield code="c">; soporte secundario 25,5 x 20,5 cm </subfield>
  </datafield>
  <datafield tag="500" ind1="0" ind2="0">
    <subfield code="a">Imagen que representa el boceto en arcilla del monumento a los h&#xE9;roes de Puente Sampayo del escultor Julio Gonz&#xE1;lez Pola, situado en la Plaza de Espa&#xF1;a de Pontevedra (Galicia) e inaugurado el 27 de agosto de1911.</subfield>
  </datafield>
  <datafield tag="500" ind1="0" ind2="0">
    <subfield code="a">La imagen al gelatino-bromuro de plata presenta un espejo de plata bastante avanzado.</subfield>
  </datafield>
  <datafield tag="500" ind1="0" ind2="0">
    <subfield code="a">Fechas tomadas de la realizaci&#xF3;n del monumento.</subfield>
  </datafield>
  <datafield tag="600" ind1="1" ind2="7">
    <subfield code="a">Gonz&#xE1;lez Pola, Julio</subfield>
    <subfield code="9">2471</subfield>
  </datafield>
  <datafield tag="651" ind1=" " ind2="7">
    <subfield code="a">Pontevedra</subfield>
    <subfield code="2">embne</subfield>
    <subfield code="9">75412</subfield>
  </datafield>
  <datafield tag="655" ind1=" " ind2="0">
    <subfield code="a">Fotograf&#xED;as de monumentos</subfield>
    <subfield code="9">111580</subfield>
  </datafield>
  <datafield tag="852" ind1=" " ind2=" ">
    <subfield code="j">Fot-645</subfield>
  </datafield>
  <datafield tag="856" ind1=" " ind2=" ">
    <subfield code="u">https://archivoybiblioteca.realacademiabellasartessanfernando.com/cgi-bin/koha/opac-retrieve-file.pl?id=42726b835ff2b6a596b804dc1cbeaf03</subfield>
    <subfield code="y">Fot-645</subfield>
  </datafield>
  <datafield tag="942" ind1=" " ind2=" ">
    <subfield code="c">FOTOGRAF&#xCD;A</subfield>
    <subfield code="n">0</subfield>
  </datafield>
  <datafield tag="952" ind1=" " ind2=" ">
    <subfield code="0">0</subfield>
    <subfield code="1">0</subfield>
    <subfield code="2">ddc</subfield>
    <subfield code="4">0</subfield>
    <subfield code="7">0</subfield>
    <subfield code="8">FOTOGRAFIA</subfield>
    <subfield code="a">RABASF</subfield>
    <subfield code="b">RABASF</subfield>
    <subfield code="c">DP2</subfield>
    <subfield code="d">2026-04-15</subfield>
    <subfield code="l">0</subfield>
    <subfield code="o">Fot-645</subfield>
    <subfield code="p">1096911</subfield>
    <subfield code="r">2026-04-15 12:17:44</subfield>
    <subfield code="w">2026-04-15</subfield>
    <subfield code="y">FOTOGRAF&#xCD;A</subfield>
  </datafield>
  <datafield tag="999" ind1=" " ind2=" ">
    <subfield code="c">85802</subfield>
    <subfield code="d">85802</subfield>
  </datafield>
</record>
